000 00442nam a2200181Ia 4500
001 4146
005 20260306145734.0
008 260306t2010||||xx |||||||||||||| ||spa||
041 _aESP
082 _a306.87
_bM26
100 _aMarchiori, Hilda
_eAUT
245 0 _aVictimología:
_bviolencia en niños y adolescentes
260 _c2010
300 _a227 páginas :
_c23 cm.
650 _aGEN
654 _aCED
942 _cLIB
_dJUS
_fJUS
_2ddc
_n
999 _c4146
_d4146